Régles de la nomenclature des êtres organisés, (Record no. 16804)

MARC details
000 -LEADER
fixed length control field 00873cam a22002411 4500
001 - CONTROL NUMBER
control field ca 31000425
003 - CONTROL NUMBER IDENTIFIER
control field DLC
005 - DATE AND TIME OF LATEST TRANSACTION
control field 20260227111125.0
008 - FIXED-LENGTH DATA ELEMENTS--GENERAL INFORMATION
fixed length control field 850617s1895 fr 100 0 eng
010 ## - LIBRARY OF CONGRESS CONTROL NUMBER
LC control number ca 31000425
035 ## - SYSTEM CONTROL NUMBER
System control number (OCoLC)12168183
040 ## - CATALOGING SOURCE
Original cataloging agency DLC
Transcribing agency DSI
Modifying agency DLC
050 00 - LIBRARY OF CONGRESS CALL NUMBER
Classification number QL353
Item number .I7 1889c
082 ## - DEWEY DECIMAL CLASSIFICATION NUMBER
Classification number 590.1
111 2# - MAIN ENTRY--MEETING NAME
Meeting name or jurisdiction name as entry element International Congress of Zoology.
Number of part/section/meeting 1st,
Location of meeting Paris,
Date of meeting or treaty signing 1889.
245 10 - TITLE STATEMENT
Title Régles de la nomenclature des êtres organisés,
Statement of responsibility, etc. adoptées par les Congrés internationaux de zoologie (Paris, 1889; Moscou, 1892)
260 ## - PUBLICATION, DISTRIBUTION, ETC.
Place of publication, distribution, etc. Paris,
Name of publisher, distributor, etc. Société zoologique de France,
Date of publication, distribution, etc. 1895.
300 ## - PHYSICAL DESCRIPTION
Extent 16 p.
Dimensions 25 cm.
500 ## - GENERAL NOTE
General note Introduction signed: Dr. Raphael Blanchard.
650 #0 - SUBJECT ADDED ENTRY--TOPICAL TERM
Topical term or geographic name entry element Animals
Form subdivision Nomenclature.
711 2# - ADDED ENTRY--MEETING NAME
Meeting name or jurisdiction name as entry element International Congress of Zoology.
Number of part/section/meeting 2d,
Location of meeting Moscow,
Date of meeting or treaty signing 1892.
700 1# - ADDED ENTRY--PERSONAL NAME
Personal name Blanchard, Raphaël Anatole Émile,
Dates associated with a name 1857-1919.

No items available.

Powered by Koha